| 000 | 01408cam a2200241 4500 | ||
|---|---|---|---|
| 001 | ABS66090 | ||
| 008 | 021024n2002 000 0 eng u | ||
| 035 | _a(Sirsi) u120247 | ||
| 100 | _aCooper, P. | ||
| 245 | _a'Haphazard' start for home-grown homes zones | ||
| 260 | _c2002 | ||
| 490 |
_aUrban Environment Today _v(156) 19 September 2002, 6-7(2) |
||
| 520 | _aHome zone schemes are appearing more frequently in residential areas. This article reviews the rather muddled start of getting this major urban design initiative off the ground. As yet there is no definitive government view of what legally constitutes a home zone and no specific legislation to support the concept. Lists the original 14 pilot schemes and schemes overseas. Home zones makes the streets safer for pedestrians and can also be beneficial for health and well-being. A toolkit for carrying out an health impact assessment (HIA) has been produced. "A guide to doing a prospective health impact assessment of a home zone", and "The Morice town home zone: a prospective health impact assessment" are at http://www.health-community-research-programme.bigstep.com/generic35.html | ||
| 590 | _aABS | ||
| 650 | _aHOME ZONES | ||
| 650 | _aRESIDENTIAL STREETS | ||
| 650 | _aURBAN DESIGN | ||
| 650 | _aURBAN ENVIRONMENT | ||
| 650 | _aPEDESTRIANS | ||
| 650 | _aTRAFFIC | ||
| 690 |
_aPlanning and development _96259 |
||
| 942 | _n0 | ||
| 999 |
_c71436 _d71436 |
||